| 000 | 01181nam a22003137a 4500 | ||
|---|---|---|---|
| 005 | 20201128021120.0 | ||
| 008 | 141110t2013 xxua frb 001 0 eng d | ||
| 020 | _a9781259060878 | ||
| 020 | _z125906087X | ||
| 040 | _aEG-ScBUE | ||
| 082 | 0 | 0 |
_222 _a658.5 _bSCH |
| 100 | 1 |
_aSchroeder, Roger G. _93470 |
|
| 245 | 1 | 0 |
_aOperations management in the supply chain : _bdecisions and cases / _cRoger G Schroeder; Susan Meyer Goldstein, M. Johnny Rungtusanatham |
| 250 |
_a6th ed. _bMcGraw-Hill international ed. |
||
| 260 |
_aNew York, United States : _bMcGraw-Hill / Irwin, _cc.2013. |
||
| 300 |
_axviii, 558 p. : _bill. ; _c26 cm. |
||
| 490 | 1 | _aThe McGraw-Hill/Irwin series operations and decision sciences | |
| 500 | _aIncludes appendixes. | ||
| 500 | _aIndex : p. 535-558. | ||
| 504 | _aIncludes bibliographical references. | ||
| 650 | 0 |
_aProduction management _91855 |
|
| 650 | 0 |
_912112 _aDecision making |
|
| 653 |
_bBUSADM _cNovember2014 |
||
| 655 |
_vreading book _934232 |
||
| 700 | 1 |
_aGoldstein, Susan Meyer _936479 |
|
| 700 | 1 |
_aRungtusanatham, M. Johnny _936480 |
|
| 830 | 0 | _aMcGraw-Hill/Irwin series operations and decision sciences | |
| 942 |
_2ddc _k658.5 SCH |
||
| 999 |
_c18590 _d18562 |
||